| 000 | 00418pab a2200157 454500 | ||
|---|---|---|---|
| 008 | 180718b2015 xxu||||| |||| 00| 0 eng d | ||
| 100 | _aRajimwale, Anil | ||
| 245 | _aRussian revolution: general and particular lessons for world communist movement | ||
| 260 | _c2015 | ||
| 300 | _ap.26-30. | ||
| 362 | _a7 Dec | ||
| 650 | _aRevolution - Russia | ||
| 650 | _aRevolution | ||
| 773 | _aMainstream | ||
| 909 | _a110908 | ||
| 999 |
_c110903 _d110903 |
||